000 00583cam a22002291 4500
001 sa 64005922
003 DLC
005 20260227112036.0
008 890403s1961 xx 000 0 tamo
010 _asa 64005922
035 _a(OCoLC)23566313
040 _aDLC
_cMiU
_dDLC
042 _apremarc
043 _aa-ii---
050 0 0 _aDS407
_b.L24
100 0 _aCōmale,
_d1921-
245 1 0 _aVaṭa Ārkkāṭu māvaṭṭam.
260 _c[1961]
300 _a220 p.
_billus., map.
_c19 cm.
500 _aRomanized.
651 0 _aNorth Arcot (India)
_xDescription and travel.
999 _c59409
_d59409